000
00301nam a2200109Ia 4500
008
200302s9999 xx 000 0 und d
100
_a
James Madge & Other
245
_a
Narrating Architecture A Retrospective Anthology
260
_b
Routledge Taylor & Francis Group
260
_c
2006
300
_a
496 P.,
999
_c
2745
_d
2745